En Rossinyol que jo he tractat / Prudenci Bertrana
Descripción Física:
51 p. ; 16 cm)
Materias:
Rusiñol, Santiago
MARC
| LEADER | 00000nam a2200000Ia 4500 | ||
|---|---|---|---|
| 001 | 8362 | ||
| 003 | BGR | ||
| 005 | 20260324175214.0 | ||
| 008 | 160829s1937 xx 000 0 cat d | ||
| 080 | |a B-1-250 | ||
| 100 | 1 | |a Bertrana, Prudenci, |d 1867-1941 |9 20220 | |
| 245 | |a En Rossinyol que jo he tractat / Prudenci Bertrana | ||
| 260 | |a Barcelona : |b Generalitat de Catalunya. Institució del Teatre, |c 1937 | ||
| 300 | |a 51 p. ; |c 16 cm) | ||
| 490 | |a Publicacions de la Institució del Teatre ; 15 | ||
| 650 | |a Rusiñol, Santiago |9 40410 | ||
| 710 | 1 | |a Institut del Teatre (Barcelona, Catalunya) |9 52662 | |
| 901 | |a Arxiu | ||
| 942 | |n 1 |2 udc |c MON | ||
| 952 | |0 0 |1 0 |4 0 |6 B1250 |7 1 |9 41496 |a Arxiu |b Arxiu |d 2016-12-01 |l 0 |o B-1-250 |p 8362 |r 2016-12-01 00:00:00 |w 2016-12-01 |y ARXIU | ||
| 999 | |c 43304 |d 43304 | ||